000 00496nam a22001697a 4500
003 OSt
005 20260223102053.0
008 250104b |||||||| |||| 00| 0 eng d
020 _a9780367777944
040 _aSRHU
_bEnglish
_cSRHU
082 _223rd
_a614.1
245 _a Forensic Toxicology Mechanisms & Pathology
_c Powers, Robert H . & dean, Dorothy E . Dean.
_hEnglish
250 _a1st
260 _aNew York
_b CRC Press
_c2021
300 _a263p
_c27cm
942 _2ddc
_cFM
_e5th
999 _c19286
_d19286